000 00304nam a2200121Ia 4500
008 190216s9999||||xx |||||||||||||| ||und||
100 _aSheila Ostrander & Lynn Schroeder
245 0 _aSuper Learning
260 _bSphere Books Ltd
_c1983
300 _a349p
650 _aEnglish General
942 _cBK
999 _c13198
_d13198